Statistics for Afrikas Lande - DK

Click here to take the quiz!

General Stats

  • This quiz has been taken 145 times
  • The average score is 28 of 54

Answers on the Map

Answers color-coded by a green-red scale on the quiz's map according to % correct below.
 

Answer Stats

Country% Correct
Egypten
91%
Sydafrika
91%
Marokko
86%
Kenya
82%
Niger
82%
Somalia
80%
Tunesien
79%
Algeriet
75%
Ghana
75%
Madagaskar
75%
Libyen
73%
Nigeria
73%
Tanzania
73%
Zambia
73%
Sudan
71%
Mali
68%
Zimbabwe
68%
Elfenbenskysten
66%
Sydsudan
64%
Etiopien
63%
Angola
57%
Namibia
55%
Uganda
55%
Botswana
54%
Togo
54%
Gambia
52%
Rwanda
48%
Senegal
48%
Tchad
48%
Guinea
46%
Malawi
46%
Benin
45%
Kap Verde
45%
Liberia
45%
Mozambique
41%
Burkina Faso
39%
Lesotho
39%
Burundi
38%
Centralafrikanske Republik
38%
Eritrea
38%
Mauritius
38%
Cameroun
36%
Djibouti
34%
Gabon
32%
Guinea-Bissau
30%
Ækvatorialguinea
29%
Sierra Leone
29%
Seychellerne
27%
Mauritanien
25%
Comorerne
23%
Demokratiske Republik Congo
23%
Eswatini
14%
Republikken Congo
13%
São Tomé and
Príncipe
9%

Score Distribution

Percentile by Number Answered

Percent of People with Each Score

Your Score History

You have not taken this quiz